000 00932nam a2200241 a 4500
001 BRCA_4642
005 20190320204739.0
008 290910s1819----sp-a######---#000-0#spa-#
041 _aspa
044 _asp
050 4 _aPQ6337
_b.F47 1819
100 1 _aFernández de Navarrete, Martín
_d1765-1844
_911748
245 1 0 _aVida de Miguel de Cervantes Saavedra
_cescrita e ilustrada con varias noticias y documentos inéditos pertenecientes a la historia y literatura de su tiempo por D. Martín Fernández de Navarrete.
260 _aMadrid
_bImprenta Real
_c1819
300 _a643 p.
_bil., 1 lámina
_c19 cm.
500 _aIncluye índice de las principales materias que contiene esta vida de Cervantes
500 _aEstado físico: Cubierta desprendida
500 _aQMB133
600 1 4 _aCervantes Saavedra, Miguel de
_d1547-1616
_9213
650 1 4 _aLiteratura española
_y1500-1616
_911749
902 _aGFM
942 _2lcc
_cB
999 _c4345
_d4345